| 000 | 00645nam a2200217Ia 4500 | ||
|---|---|---|---|
| 005 | 20250425162427.0 | ||
| 008 | 250425s9999 xx 000 0 und d | ||
| 020 | _a950964319X | ||
| 041 | _aspa | ||
| 082 | _a629.25 | ||
| 110 | _aEDICIONES NEGRI | ||
| 245 | 0 | _aMANUAL DE ESPECIFICACIONES TECNICAS DE MOTORES NACIONALES E IMPORTADOS NAFTEROS Y DIESEL 3: PUESTA A PUNTO DE CAMIONES, AUTOMOVILES Y TRACTORES | |
| 250 | _a1A ED. | ||
| 260 |
_aArgentina _bEDICIONES NEGRI _c2000 |
||
| 260 | _aBUENOS AIRES | ||
| 300 | _a343 | ||
| 650 | _aESPECIFICACIONES TECNICAS | ||
| 650 | _aMOTORES DE AUTOMOVILES | ||
| 942 | _c01 | ||
| 010 | _a72894 | ||
| 999 |
_c228985 _d228985 |
||